000
00297nam a22001097a 4500
008
150827b xxu||||| |||| 00| 0 eng d
020
_a
0815781229
082
_a
361.65 STE
100
_a
STEINER, GILBERT.Y
245
_a
THE STATE OF WELFARE
260
_a
WASHINGTON, D.C
_b
THE BROOKINGS INSTITUTION
_c
1971
999
_c
1440
_d
1440